Profil ruangan sukan dan amalan kewartawanan sukan dalam penerbitan akhbar di Malaysia : tumpuan kepada Utusan Malaysia dan Berita Harian /
محفوظ في:
| المؤلف الرئيسي: | |
|---|---|
| التنسيق: | أطروحة كتاب |
| اللغة: | Malay |
| منشور في: |
2012.
|
| الموضوعات: | |
| الوسوم: |
إضافة وسم
لا توجد وسوم, كن أول من يضع وسما على هذه التسجيلة!
|
| LEADER | 01020cam a2200253 a 4500 | ||
|---|---|---|---|
| 001 | u855968 | ||
| 003 | SIRSI | ||
| 005 | 201205071204 | ||
| 008 | 120507s2012 my a t 000 0 may m | ||
| 040 | |a UMM | ||
| 043 | |a a-my--- | ||
| 090 | |a Z278 |b UMP 2012 Sari | ||
| 100 | 0 | |a Sarimah Ismail. | |
| 245 | 1 | 0 | |a Profil ruangan sukan dan amalan kewartawanan sukan dalam penerbitan akhbar di Malaysia : |b tumpuan kepada Utusan Malaysia dan Berita Harian / |c Sarimah Ismail. |
| 260 | |c 2012. | ||
| 300 | |a [2] xiv, 290 [19] leaves : |b ill. ; |c 30 cm. | ||
| 502 | |a Thesis (Ph.D) -- Jabatan Pengajian Media, Fakulti Sastera dan Sains Sosial, Universiti Malaya, 2012. | ||
| 504 | |a Bibliography: leaves 267-289. | ||
| 650 | 0 | |a Mass media and sports |z Malaysia |v Case studies. | |
| 650 | 0 | |a Sports |x Press coverage |z Malaysia. | |
| 710 | 2 | 0 | |a Universiti Malaya. |b Jabatan Pengajian Media. |
| 900 | |a ZA | ||
| 596 | |a 1 | ||
| 999 | |a Z278 UMP 2012 SARI |w LC |c 1 |i A514964666 |d 6/3/2015 |e 6/3/2015 |f 25/1/2013 |g 1 |l STACKS |m P01UTAMA |n 6 |r Y |s Y |t TESIS |u 25/1/2013 | ||
